Encanto multiple question quiz!!!!! - Statistics

General Stats
  • This quiz has been taken 98 times
  • The average score is 5 of 8
Answer Stats
Question Answer % Correct
What did Bruno say at Pepa's wedding day in "We Don't Talk About Bruno?" "It looks like rain."
100%
How old is Alma (Abuela) Madrigal? 75
75%
What is sitting with Bruno and Mirabel while Bruno's doing the second vision? a capybara
75%
Finish the name of the song. "Colombia, Mi _____" Encanto
75%
Finish the line."Mariano's nose looks like a _____ papaya! smashed
75%
Finish the lyrics! "I never meant this to get ______! autobiographical
63%
Who says, He's Here!!"? Everybody
63%
Finish the line. "Sana ___ colita de rana sana
13%
No matching quizzes found
Score Distribution
Percent of People with Each Score
Percentile by Number Answered
Your Score History
You have not taken this quiz